000 01769cam a2200277zu 4500
001 88815957
003 FRCYB88815957
005 20251020122950.0
006 m o d
007 cr un
008 251020s2005 fr | o|||||0|0|||fre d
020 _a9782896190355
035 _aFRCYB88815957
040 _aFR-PaCSA
_bfr
_c
_erda
100 1 _aFerland, Francine
245 0 1 _aEt si on jouait ?
_bLe jeu durant l'enfance et pour toute la vie
_c['Ferland, Francine']
264 1 _bEditions du CHU Sainte-Justine
_c2005
300 _a p.
336 _btxt
_2rdacontent
337 _bc
_2rdamdedia
338 _bc
_2rdacarrier
650 0 _a
700 0 _aFerland, Francine
856 4 0 _2Cyberlibris
_uhttps://international.scholarvox.com/netsen/book/88815957
_qtext/html
_a
520 _aSource d'apprentissage objet de plaisir voie privilégiée pour interagir avec les autres le jeu représente l'activité la plus importante de l'enfance. Destiné tant aux parents qu'aux éducateurs le livre aborde différents aspect du jeu : qu'est-ce que jouer pourquoi et comment jouer l'impact du jeu sur le développement de l'enfant les critères d'un bon jouet la sécurité au jeu le jeu pour rendre la vie familiale plus agréable? Cette seconde édition contient en outre cinq nouveaux chapitres : le jeu dans la société aujourd'hui ce qu'il faut pour jouer pourquoi et comment jouer avec l'enfant les difficultés au jeu et le jeu chez l'enfant d'âge scolaire chez l'adolescent et à l'âge adulte. En plus des connaissances détaillées sur le sujet l'auteur qui veut redonner au jeu la place qu'il devrait avoir durant l'enfance et pour toute la vie offre également de nombreuses suggestions de matériel et d'activités de jeu.
999 _c1552451
_d1552451